Zber údajov pomocou mikrokontroléra ESP32
Enregistré dans:
| Auteur principal: | |
|---|---|
| Autres auteurs: | |
| Format: | Manuscrit Livre |
| Langue: | slovaque |
| Publié: |
2025
|
| Sujets: | |
| Accès en ligne: | http://is.stuba.sk/zp/portal_zp.pl?podrobnosti=180695 |
| Tags: |
Pas de tags, Soyez le premier à ajouter un tag!
|
MARC
| LEADER | 00000ntm a22000003a 4500 | ||
|---|---|---|---|
| 001 | stuzp103618 | ||
| 003 | SK-STU | ||
| 005 | 20250628210709.2 | ||
| 007 | ta | ||
| 008 | 150427s2015----xo-----f-mn---000-0-slo-d | ||
| 040 | |a STU |b slo | ||
| 041 | 0 | |a slo | |
| 100 | 1 | |a Valková, Dominika |u 066000 |4 aut |U MTF Materiálovotechnologická fakulta |T MTF Ústav aplikovanej informatiky, automatizácie a mechatroniky |X 121965 |U M6000 |Y 86 |7 121965 | |
| 242 | 0 | 1 | |a Data collection using ESP32 microcontroller |y eng |
| 245 | 1 | 0 | |a Zber údajov pomocou mikrokontroléra ESP32 |
| 260 | |c 2025 | ||
| 650 | 4 | |a Arduino |2 slo | |
| 650 | 4 | |a MQTT |2 slo | |
| 650 | 4 | |a Zber údajov |2 slo | |
| 650 | 4 | |a Node-RED |2 slo | |
| 650 | 4 | |a ESP32 |2 slo | |
| 650 | 4 | |a Arduino |2 eng | |
| 650 | 4 | |a ESP32 |2 eng | |
| 650 | 4 | |a MQTT |2 eng | |
| 650 | 4 | |a Data collection |2 eng | |
| 650 | 4 | |a Node-RED |2 eng | |
| 700 | 1 | |a Horák, Tibor |u 066000 |k Z2 |4 ths |U MTF Materiálovotechnologická fakulta |T MTF Ústav aplikovanej informatiky, automatizácie a mechatroniky |X 8418 |U M6000 |Y 86 |7 8418 | |
| 856 | 4 | |u http://is.stuba.sk/zp/portal_zp.pl?podrobnosti=180695 | |
| 996 | |c M* BP-10045 |l MMSKP |s P |a 0 |w stuzp103618_0001 | ||